Dirección profesional : (Record no. 97004)

MARC details
000 -CABECERA
campo de control de longitud fija 00651nam a2200205 a 4500
005 - FECHA Y HORA DE LA ÚLTIMA TRANSACCIÓN
campo de control 20240924070008.0
008 - ELEMENTOS DE LONGITUD FIJA--INFORMACIÓN GENERAL
campo de control de longitud fija 030529s2002 mx r 000 0 spa d
020 ## - NÚMERO INTERNACIONAL NORMALIZADO PARA LIBROS
Número Internacional Estándar del Libro 8471977311
035 ## - NÚMERO DE CONTROL DEL SISTEMA
Número de control de sistema UPN01000124825
049 ## - COLECCIÓN
Colección CG
050 #4 - SIGNATURA TOPOGRÁFICA DE LA BIBLIOTECA DEL CONGRESO
Número de clasificación LB2806
Número de documento/Ítem E8.3
100 1# - ASIENTO PRINCIPAL--NOMBRE PERSONAL
Nombre de persona Estruch Tobella, Joan,
Fechas asociadas al nombre 1953-
245 10 - MENCIÓN DE TÍTULO
Título Dirección profesional :
Resto del título y calidad educativa /
Mención de responsabilidad, etc. Joan Estruch Tobella.
260 ## - PUBLICACIÓN, DISTRIBUCIÓN, ETC.
Lugar de publicación, distribución, etc. Barcelona, Esp. :
Nombre del editor, distribuidor, etc. Cisspraxis,
Fecha de publicación, distribución, etc. 2002.
300 ## - DESCRIPCIÓN FÍSICA
Extensión 168 p.
440 #0 - MENCIÓN DE SERIE/ASIENTO SECUNDARIO--TÍTULO
Título Monografías escuela española.
Nombre de parte o sección de la obra Gestión de calidad
650 #4 - ASIENTO SECUNDARIO DE MATERIA - TERMINO TEMATICO
Término de materia o nombre geográfico como elemento de entrada Escuelas
Subdivisión general Dirección y organización
9 (RLIN) 346
650 #4 - ASIENTO SECUNDARIO DE MATERIA - TERMINO TEMATICO
Término de materia o nombre geográfico como elemento de entrada Educación
Subdivisión general Planificación
9 (RLIN) 1146
905 ## - TIPO DE MATERIAL
Tipo de material Libro
Holdings
Estado de retiro Estado de pérdida Fuente del sistema de clasificación o colocación Estado dañado No para préstamo Código de colección Localización permanente Ubicación/localización actual Ubicación en estantería Total de préstamos Clasificación Código de barras Fecha visto por última vez Número de copia Tipo de ítem Koha
    Library of Congress Classification     Colección General Bib. Gregorio Torres Quintero Bib. Gregorio Torres Quintero Planta baja 23 LB2806 E8.3 214900 31/12/2020 1 Libro
    Library of Congress Classification     Colección General Bib. Gregorio Torres Quintero Bib. Gregorio Torres Quintero Planta baja 14 LB2806 E8.3 221828 31/12/2020 1 Libro